000 00767nam a2200229 a 4500
001 64138
003 BD-RjUL
005 20211209081256.0
008 170209s1976 bg ||||| |||| 00| f ben d
020 _c: Tk. 12.00
035 _a(BD-RjUL)64268
040 _aBD-RjUL
_bben
_cBD-RjUL
_dBD-RjUL
041 _aben
082 _223
_a891.443
_bHAE 1976
100 _aহাশেম, দিলারা
_9170417
245 1 0 _aএকদা এবং অনন্ত /
_cদিলারা হাশেম
260 _aঢাকা :
_bআদিল ব্রাদার্স,
_c১৯৭৬
300 _a১৮৭ পৃ. ;
_c২৩ সেমি.
650 _aবাংলা উপন্যাস
_9170454
650 _aBengali Fiction
_9170455
942 _2ddc
_cBK
999 _c64138
_d64138